Mechanised replanting and first year establishment (Record no. 62759)

MARC details
000 -LEADER
fixed length control field 00367nam a2200145Ia 4500
100 ## - MAIN ENTRY--AUTHOR NAME
Personal name Siak L T
245 #0 - TITLE STATEMENT
Title Mechanised replanting and first year establishment
260 ## - PUBLICATION, DISTRIBUTION, ETC. (IMPRINT)
Name of publisher Planters Bulletin
Year of publication 1962
300 ## - PHYSICAL DESCRIPTION
Number of Pages 113-122
650 ## - SUBJECT ADDED ENTRY--TOPICAL TERM
Topical Term Manuring
650 ## - SUBJECT ADDED ENTRY--TOPICAL TERM
Topical Term Replanting
650 ## - SUBJECT ADDED ENTRY--TOPICAL TERM
Topical Term Rubber industry
942 ## - ADDED ENTRY ELEMENTS (KOHA)
Koha item type Journals
Holdings
Withdrawn status Lost status Damaged status Not for loan Home library Current library Shelving location Date acquired Serial Enumeration / chronology Koha item type
      Journals RRII Library RRII Library Botany 17/12/2021 Volume 62, Issue Journals